00460nam a2200193 a 4500001001300000003000900013005001700022008004100039020000800080082001400088100002000102245002100122260003500143300000900178500003500187505001000222650001400232700002000246nice12345678IN_TiNIC20260116011806.0050524s1971 lona grp 000 0 eng  ac600a234bSMI2 aSmith, Oswald J aSalvation of God aLondonbMarshal Brothersc1971 a128p aincludes index and biblioraphy2 aIndex aSalvation1 aSmith, Oswald J